[Event "Stay Safe Play From Home"]
[Site "T#646156Emanuel Laske"]
[Date "2020.05.18"]
[Round "4"]
[White "Lucknow"]
[Black "Haxhi Baha"]
[Result "1-0"]
[WhiteElo "1839"]
[BlackElo "1981"]
[Annotator "TA"]
[PlyCount "71"]
[EventDate "2020.05.18"]
[EventType "swiss (blitz)"]

{[%evp 9,71,14,14,-10,15,9,50,60,51,47,57,49,78,19,19,19,74,7,56,62,83,87,70,54,275,263,422,431,575,350,581,579,827,596,660,656,858,827,967,656,683,705,710,704,1018,811,797,782,870,850,999,991,1086,1043,991,979,970,967,1014,1013,998,993,922,916]} 1. d4 d5 2. c4 e5 3. e3 exd4 4. exd4 Nc6 5. Nf3 Nf6 6. Be2 {C01: French: Exchange Variation.} h6 7. O-O Bd6 {[#]} 8. c5 $146 {White is slightly better.} ({Predecessor:} 8. Nc3 dxc4 9. Bxc4 O-O 10. h3 a6 11. a3 Bf5 12. Re1 b5 13. Bd3 Qd7 14. Be3 {½-½ (21) Toth,B (1937)-Tiron,L (1964) Calimanesti 2015}) 8... Be7 9. Nc3 O-O 10. Re1 b6 11. cxb6 (11. Qa4 $16) 11... axb6 $11 12. Bf4 Re8 (12... Bb4 $11 {keeps the balance.}) 13. Qc2 ({White should try} 13. Ne5 $16 Na7 14. Qd3) 13... Ba6 14. Bxa6 {Strongly threatening Bb5.} Rxa6 15. Nb5 $36 {[%mdl 2048] White is on the roll.} Nb4 16. Qb3 c6 $2 {Loses the game.} ({Black should play} 16... c5 $1 $14) 17. Nc7 $18 {[%mdl 64] [#] Double Attack} Ra7 $2 (17... c5 {was worth a try.} 18. Nxa6 Nxa6) 18. Nxe8 Qxe8 19. Rac1 Qd7 $2 (19... Nxa2 {is a better defense.} 20. Ra1 Qa8 21. Qxb6 g5) 20. a3 {White is clearly winning.} Na6 21. Qxb6 Ne4 22. Ne5 Qc7 23. Qxc6 Qxc6 24. Rxc6 Bf6 25. Rec1 Kh7 26. Nf3 Re7 27. Be5 Bxe5 28. dxe5 Nb8 29. Rc8 Nd7 30. R8c7 Ng5 31. Nxg5+ hxg5 {[#]} 32. f4 $1 gxf4 33. Ra7 Kg6 34. Rcc7 Rxe5 35. Rxd7 Re2 36. Kf1 {Accuracy: White = 78%, Black = 18%.} 1-0

[Event "Stay Safe Play From Home"]
[Site "T#646156Emanuel Laske"]
[Date "2020.05.18"]
[Round "4"]
[White "Tobo Rubirosa"]
[Black "Tavares"]
[Result "0-1"]
[WhiteElo "1565"]
[BlackElo "1664"]
[Annotator "NA RC"]
[PlyCount "92"]
[EventDate "2020.05.18"]
[EventType "swiss (blitz)"]

1. Nf3 {[%emt 0:00:01]} c5 {[%emt 0:00:04]} 2. d4 {[%emt 0:00:00]} cxd4 {[%emt 0:00:01]} 3. Nxd4 {[%emt 0:00:02]} Nf6 {[%emt 0:00:00]} 4. g3 {[%emt 0:00:01]} a6 {[%emt 0:00:00]} 5. Bg2 {[%emt 0:00:01]} d6 {[%emt 0:00:00]} 6. O-O {[%emt 0:00:01]} g6 {[%emt 0:00:01]} 7. c4 {[%emt 0:00:01]} Bg7 {[%emt 0:00:01]} 8. Nc3 {[%emt 0:00:00]} O-O {[%emt 0:00:00]} 9. e4 {[%emt 0:00:02]} Qc7 {[%emt 0:00:01]} 10. Be3 {[%emt 0:00:03]} Nc6 {[%emt 0:00:00]} 11. Rc1 {[%emt 0:00:02]} Ne5 {[%emt 0:00:02]} 12. b3 {[%emt 0:00:03]} Bd7 {[%emt 0:00:01]} 13. h3 {[%emt 0:00:02]} h5 {[%emt 0:00:02]} 14. Qd2 {[%emt 0:00:01]} Rfd8 {[%emt 0:00:03]} 15. Bh6 {[%emt 0:00:01]} Qa5 {[%emt 0:00:01]} 16. Nd5 {[%emt 0:00:05]} Nxd5 {[%emt 0:00:02]} 17. Qxa5 {[%emt 0:00:02]} Nf6 {[%emt 0:00:05]} 18. Bxg7 {[%emt 0:00:02]} Kxg7 {[%emt 0:00:00]} 19. Qd2 {[%emt 0:00:02]} b5 {[%emt 0:00:04]} 20. Qg5 {[%emt 0:00:02]} bxc4 {[%emt 0:00:02]} 21. Nf5+ {[%emt 0:00:01]} Kg8 {[%emt 0:00:04]} 22. Nh6+ {[%emt 0:00:04]} Kg7 {[%emt 0:00:01]} 23. Nf5+ {[%emt 0:00:01]} Bxf5 {[%emt 0:00:00]} 24. bxc4 {[%emt 0:00:01]} Bxe4 {[%emt 0:00:03]} 25. Bxe4 {[%emt 0:00:02]} Nxe4 {[%emt 0:00:00]} 26. Qxe5+ {[%emt 0:00:02]} dxe5 {[%emt 0:00:02]} 27. Rfe1 {[%emt 0:00:02]} Nf6 {[%emt 0:00:02]} 28. Rxe5 {[%emt 0:00:01]} e6 {[%emt 0:00:00]} 29. Rc5 {[%emt 0:00:01]} Rac8 {[%emt 0:00:00]} 30. Rxc8 {[%emt 0:00:01]} Rxc8 {[%emt 0:00:00]} 31. c5 {[%emt 0:00:00]} Rc6 {[%emt 0:00:01]} 32. f4 {[%emt 0:00:01]} Ne4 {[%emt 0:00:01]} 33. Kg2 {[%emt 0:00:00]} Rxc5 {[%emt 0:00:01]} 34. Kf3 {[%emt 0:00:00]} Rxc1 {[%emt 0:00:01]} 35. Kxe4 {[%emt 0:00:00]} Rc2 {[%emt 0:00:01]} 36. Kd4 {[%emt 0:00:00]} Rxa2 {[%emt 0:00:00]} 37. Kc5 {[%emt 0:00:00]} Rg2 {[%emt 0:00:01]} 38. Kb6 {[%emt 0:00:00]} Rxg3 {[%emt 0:00:01]} 39. Kxa6 {[%emt 0:00:01]} Rxh3 {[%emt 0:00:00]} 40. Kb6 {[%emt 0:00:00]} Rf3 {[%emt 0:00:00]} 41. Kc6 {[%emt 0:00:00]} Rxf4 {[%emt 0:00:01]} 42. Kd6 {[%emt 0:00:00]} g5 {[%emt 0:00:00]} 43. Kc5 {[%emt 0:00:00]} h4 {[%emt 0:00:00]} 44. Kd6 {[%emt 0:00:00]} h3 {[%emt 0:00:00]} 45. Kc6 {[%emt 0:00:00]} Rd4 {[%emt 0:00:01]} 46. Kc5 {[%emt 0:00:02]} e5 {[%emt 0:00:00] Tiempo (Lag: Av=0.81s, max=1.2s) .} 0-1

[Event "Stay Safe Play From Home"]
[Site "T#646156Emanuel Laske"]
[Date "2020.05.18"]
[Round "5"]
[White "Lamborghini"]
[Black "Don59as"]
[Result "1-0"]
[WhiteElo "2295"]
[BlackElo "2059"]
[Annotator "NA RC"]
[PlyCount "121"]
[EventDate "2020.05.18"]
[EventType "swiss (blitz)"]

1. e4 {[%emt 0:00:01]} e5 {[%emt 0:00:01]} 2. Nf3 {[%emt 0:00:01]} Nc6 {[%emt 0:00:01]} 3. Bc4 {[%emt 0:00:01]} d6 {[%emt 0:00:01]} 4. c3 {[%emt 0:00:01]} Be7 {[%emt 0:00:01]} 5. d4 {[%emt 0:00:01]} exd4 {[%emt 0:00:01]} 6. cxd4 {[%emt 0:00:01]} Nf6 {[%emt 0:00:01]} 7. Nc3 {[%emt 0:00:01]} O-O {[%emt 0:00:01]} 8. d5 {[%emt 0:00:01]} Ne5 {[%emt 0:00:01]} 9. Nxe5 {[%emt 0:00:01]} dxe5 {[%emt 0:00:00]} 10. O-O {[%emt 0:00:01]} Bd6 {[%emt 0:00:01]} 11. b3 {[%emt 0:00:01]} h6 {[%emt 0:00:01]} 12. Bb2 {[%emt 0:00:01]} Nh7 {[%emt 0:00:01]} 13. Rc1 {[%emt 0:00:01]} f5 {[%emt 0:00:01]} 14. exf5 {[%emt 0:00:01]} Bxf5 {[%emt 0:00:00]} 15. Bd3 {[%emt 0:00:01]} Ng5 {[%emt 0:00:01]} 16. Bxf5 {[%emt 0:00:01]} Rxf5 {[%emt 0:00:00]} 17. Qd3 {[%emt 0:00:04]} Qf6 {[%emt 0:00:01]} 18. Ne4 {[%emt 0:00:01]} Nxe4 {[%emt 0:00:01]} 19. Qxe4 {[%emt 0:00:00]} Rf8 {[%emt 0:00:00]} 20. f3 {[%emt 0:00:01]} Rf4 {[%emt 0:00:01]} 21. Qe2 {[%emt 0:00:01]} Rh4 {[%emt 0:00:01]} 22. g3 {[%emt 0:00:02]} Qg6 {[%emt 0:00:02]} 23. Kg2 {[%emt 0:00:04]} Rh5 {[%emt 0:00:02]} 24. Rce1 {[%emt 0:00:02]} Rhf5 {[%emt 0:00:01]} 25. Qe4 {[%emt 0:00:02]} h5 {[%emt 0:00:01]} 26. h3 {[%emt 0:00:02]} Qf6 {[%emt 0:00:02]} 27. a3 {[%emt 0:00:03]} Rg5 {[%emt 0:00:01]} 28. f4 {[%emt 0:00:02]} Rf5 {[%emt 0:00:03]} 29. fxe5 {[%emt 0:00:06]} Bxe5 {[%emt 0:00:05]} 30. Rxf5 {[%emt 0:00:02]} Qxf5 {[%emt 0:00:02]} 31. Qxf5 {[%emt 0:00:01]} Rxf5 {[%emt 0:00:01]} 32. Rxe5 {[%emt 0:00:00]} Rf7 {[%emt 0:00:02]} 33. Rg5 {[%emt 0:00:01]} Rd7 {[%emt 0:00:02]} 34. h4 {[%emt 0:00:01]} Kf7 {[%emt 0:00:02]} 35. b4 {[%emt 0:00:00]} g6 {[%emt 0:00:01]} 36. Re5 {[%emt 0:00:01]} Rd6 {[%emt 0:00:01]} 37. Kf3 {[%emt 0:00:00]} c6 {[%emt 0:00:01]} 38. Ke4 {[%emt 0:00:00]} cxd5+ {[%emt 0:00:01]} 39. Rxd5 {[%emt 0:00:00]} Re6+ {[%emt 0:00:01]} 40. Kd4 {[%emt 0:00:00]} Re2 {[%emt 0:00:01]} 41. Bc3 {[%emt 0:00:00]} Rc2 {[%emt 0:00:02]} 42. Kc4 {[%emt 0:00:00]} Ra2 {[%emt 0:00:01]} 43. Kb3 {[%emt 0:00:00]} Rg2 {[%emt 0:00:01]} 44. Rd7+ {[%emt 0:00:00]} Ke6 {[%emt 0:00:01]} 45. Rxb7 {[%emt 0:00:00]} Rxg3 {[%emt 0:00:01]} 46. Rxa7 {[%emt 0:00:00]} Rg4 {[%emt 0:00:01]} 47. b5 {[%emt 0:00:00]} Rxh4 {[%emt 0:00:01]} 48. b6 {[%emt 0:00:00]} Kd6 {[%emt 0:00:01]} 49. b7 {[%emt 0:00:00]} Kc7 {[%emt 0:00:01]} 50. Be5+ {[%emt 0:00:00]} Kc6 {[%emt 0:00:01]} 51. b8=Q {[%emt 0:00:00]} Rh3+ {[%emt 0:00:00]} 52. Ka4 {[%emt 0:00:00]} Kd5 {[%emt 0:00:01]} 53. Ka5 {[%emt 0:00:00]} Rh4 {[%emt 0:00:01]} 54. Qd6+ {[%emt 0:00:00]} Ke4 {[%emt 0:00:00]} 55. Rd7 {[%emt 0:00:01]} Kf5 {[%emt 0:00:00]} 56. Qd3+ {[%emt 0:00:00]} Re4 {[%emt 0:00:00]} 57. Rd5 {[%emt 0:00:01]} Ke6 {[%emt 0:00:02]} 58. Qxe4 {[%emt 0:00:01]} g5 {[%emt 0:00:01]} 59. Bd4+ {[%emt 0:00:00]} Kf7 {[%emt 0:00:01]} 60. Qf5+ {[%emt 0:00:01]} Ke7 {[%emt 0:00:01]} 61. Rd7+ {[%emt 0:00:00] Time '} 1-0

[Event "Stay Safe Play From Home"]
[Site "T#646156Emanuel Laske"]
[Date "2020.05.18"]
[Round "5"]
[White "Little champs"]
[Black "Mepe_Nika"]
[Result "0-1"]
[WhiteElo "2208"]
[BlackElo "2311"]
[Annotator "TA"]
[PlyCount "70"]
[EventDate "2020.05.18"]
[EventType "swiss (blitz)"]

{[%evp 14,70,2,-3,0,0,16,-389,-389,-390,-385,-389,-389,-407,-392,-403,-401,-496,-499,-485,-490,-521,-507,-598,-595,-893,-892,-1154,-870,-875,-875,-930,-924,-1065,-1031,-1234,-1338,-1334,-1311,-1272,-1217,-1344,-1331,-1695,-1690,-1842,-1833,-2168,-1750,-29977,-29978,-29980,29990,-7276,-7276,-5343,-5343,-29993,-29994]} 1. d4 d5 2. e3 Nf6 3. Nf3 c6 4. Be2 Bf5 5. O-O e6 6. c4 Nbd7 7. Nc3 h6 8. b3 Bb4 {D12: Slav Defence: 3 Nf3 Nf6 4 e3 Bf5.} 9. Bb2 {[#]} Qa5 $146 ({Predecessor:} 9... O-O 10. a3 Bd6 11. Bd3 Bxd3 12. Qxd3 Qe7 13. e4 Nxe4 14. Nxe4 dxe4 15. Qxe4 c5 16. b4 cxb4 {1-0 (64) Acosta,P (2409)-Sterck,A (2268) Montevideo 2017}) 10. Rb1 $2 {[%mdl 8192]} (10. Rc1 $11 {and White is okay.}) 10... Bxc3 $19 {Black is winning.} 11. Bxc3 Qxc3 12. Rc1 Qa5 13. cxd5 exd5 14. a4 O-O 15. Ne5 Nxe5 16. dxe5 Nd7 17. f4 Qb6 18. Qd2 Nc5 19. g4 Nxb3 {[%mdl 64] Double Attack} 20. Qb2 Nxc1 21. Qxc1 Be4 22. f5 d4 23. f6 g5 24. h4 d3 25. Bd1 Rad8 {...d2 is the strong threat.} 26. Qd2 gxh4 27. Rf4 Bg6 28. g5 hxg5 29. Rg4 Rd5 30. Rxg5 Re8 31. Qg2 Qxe3+ 32. Kh2 Qe4 $4 {[%mdl 8192]} (32... Qf4+ {and life is good for Black.} 33. Kh1 Rexe5 34. Rxg6+ fxg6 35. Qxg6+ Kf8 36. Qg7+ Ke8 37. Qg8+ Kd7 38. Qg4+ Qxg4 39. Bxg4+ Ke8 40. f7+ Kxf7 41. a5 {[#]} Re2 $1 {[%mdl 512]} 42. a6 Rc5 $1 {[%mdl 512]} 43. Bxe2 dxe2 44. Kh2 e1=Q 45. Kg2 Rf5 46. axb7 Qg3+ 47. Kh1 Rf1#) 33. Bf3 $4 {[%mdl 8192]} (33. Qxe4 Re6 34. Rxg6+ fxg6 35. Qxg6+ Kf8 36. Qg7+ {[%mdl 64] Double Attack} Ke8 37. Bg4 Rdxe5 38. f7+ Kd8 39. f8=Q+ {[%mdl 64] Discovered Attack} Re8 40. Qd7#) 33... Qxe5+ 34. Rxe5 Rdxe5 35. Qg5 Rxg5 0-1

[Event "Stay Safe Play From Home"]
[Site "T#646156Emanuel Laske"]
[Date "2020.05.18"]
[Round "5"]
[White "Panini-Peter"]
[Black "Haxhi Baha"]
[Result "1-0"]
[WhiteElo "2052"]
[BlackElo "1957"]
[Annotator "TA"]
[PlyCount "57"]
[EventDate "2020.05.18"]
[EventType "swiss (blitz)"]

{[%evp 12,56,2,-6,14,-25,-25,-60,-50,-70,-43,-95,-40,-55,-50,-120,0,0,0,-127,-12,-16,0,0,70,0,6,9,37,47,116,12,156,-39,-35,-110,-87,-160,-164,-164,-161,-144,-4,-5,-5,-13,29999]} 1. d4 d5 2. c4 e5 3. dxe5 d4 4. Nf3 Nc6 5. e3 Bb4+ 6. Bd2 dxe3 7. fxe3 Nge7 {D08: Albin Counter Gambit.} 8. a3 (8. Nc3 {is interesting.} Ng6 9. Qb3 O-O 10. O-O-O Bc5 11. Ne4) 8... Bxd2+ $1 9. Nbxd2 Ng6 {[#] Black is slightly better.} 10. Be2 $146 ({Predecessor:} 10. Qc2 Ncxe5 11. O-O-O O-O 12. Nxe5 Nxe5 13. Nf3 Qf6 14. Be2 Ng4 15. Rd2 Nxe3 16. Qe4 Nxg2 17. Bd3 Nf4 18. Qxh7# {1-0 (18) Stanimirovic,I (1763)-Stamenkovic,M Nis 2014}) 10... Qe7 11. b4 (11. O-O $15) 11... Bg4 (11... O-O $17 12. O-O a5) 12. h3 Bxf3 13. Bxf3 (13. Nxf3 $15 O-O 14. O-O) 13... Ncxe5 (13... Qh4+ $17 14. Kf1 Ngxe5) 14. Bxb7 $11 Rb8 15. Bd5 (15. Qa4+ $11 Nd7 16. Qxa7) 15... Nd3+ ({Reject} 15... Qh4+ 16. Kf1 $11) (15... c6 $17 16. Bf3 Qh4+ 17. Kf1 O-O) 16. Ke2 Ndf4+ 17. Kf2 Nxd5 (17... Nd3+ $11 18. Ke2 Ngf4+ 19. Kf3 Nxd5 20. cxd5 O-O) 18. cxd5 (18. Qa4+ $1 $14 Qd7 19. Qxd7+ (19. Qxa7 $2 Nc3 $17) 19... Kxd7 20. cxd5) 18... O-O $36 {[%mdl 2048] White is under pressure.} 19. Re1 Ne5 20. Nf3 Qf6 ({Black should play} 20... a5 $14) 21. e4 {[#]} (21. Rc1 $16) 21... Nxf3 (21... a5 $1 $11 {[%mdl 512] keeps the balance.}) 22. gxf3 $2 (22. Qxf3 $16 Qe5 23. Qg3 Qd4+ 24. Qe3) 22... Qh4+ $15 23. Kg2 ({White should try} 23. Ke3 $15) 23... Rb6 $17 {[%mdl 1024] White must now prevent ...Rg6+. Black has strong compensation.} 24. Rg1 (24. Rc1 $142) 24... Rg6+ 25. Kh2 {Black should prevent Qd2.} Qf4+ 26. Kh1 Rh6 (26... Rxg1+ $17 27. Qxg1 Qxf3+ 28. Qg2 Qe3) 27. Qf1 $11 f5 28. Qg2 {[%csl Gg1][%cal Rg2g7]} fxe4 $2 {[%mdl 8192] [#]} (28... Rg6 $11 29. Qe2 Rh6) 29. Qxg7# {Accuracy: White = 45%, Black = 37%.} 1-0

[Event "Stay Safe Play From Home"]
[Site "T#646156Emanuel Laske"]
[Date "2020.05.18"]
[Round "5"]
[White "Lazieri3"]
[Black "Lucknow"]
[Result "1-0"]
[WhiteElo "2043"]
[BlackElo "1863"]
[Annotator "TA"]
[PlyCount "85"]
[EventDate "2020.05.18"]
[EventType "swiss (blitz)"]

{[%evp 9,85,-25,-8,-22,-19,-21,-24,-21,-9,-29,-41,-34,-33,-79,-50,-131,-149,-131,-110,-127,-2,-33,8,14,18,-15,0,-12,0,-10,28,-15,0,0,164,2,4,2,370,9,114,117,207,201,216,215,195,8,19,0,0,0,0,-116,-119,-185,-69,-237,-132,-1175,-1116,-1059,-1049,-1184,-1179,-1537,-1472,-4810,-4802,-29975,-29966,-29988,-29989,-29989,-29990,-29982,-9935,-29981]} 1. e4 c5 2. Nc3 d6 3. d3 Nf6 4. Nf3 e6 5. Bg5 Be7 6. h3 {B50: Sicilian: 2...d6, Miscellaneous.} Nc6 7. Be2 O-O 8. O-O {Black has an edge.} a6 9. a3 b5 10. Re1 Bb7 {[#]} 11. Nh2 $146 ({Predecessor:} 11. Qd2 Rc8 12. Nd1 Nd4 13. Ne3 Nxe4 14. dxe4 Nxf3+ 15. Bxf3 Bxg5 16. h4 Bxh4 17. Ng4 {0-1 (45) Merhawit,G-Mayar ElIdrissi,F (1857) Casablanca 2019}) 11... Nd4 12. Ng4 ({White should play} 12. Nf3 $15) 12... Nxg4 $17 13. Bxe7 Qxe7 14. Bxg4 e5 ({Black should try} 14... Qh4 $17 {Strongly threatening ...f5.} 15. Ne2 f5 16. Nxd4 fxg4 17. Nxe6 Rxf2 18. Qxg4 Qxg4 19. hxg4 Rxc2) 15. Qd2 f5 16. exf5 Nxf5 17. f4 Nd4 18. fxe5 dxe5 19. Ne4 Rae8 20. Rf1 Bxe4 21. dxe4 Qc7 $2 (21... Rxf1+ $11 22. Rxf1 Rd8) 22. Rae1 $2 (22. Rxf8+ $18 Kxf8 23. c3) 22... c4 $11 23. c3 Nc6 $2 {[%mdl 8192]} (23... Nb3 $11 {and Black has nothing to worry.} 24. Qd5+ Kh8) 24. Qg5 $2 ({Better is} 24. Qd5+ $18 Kh8 25. Bd7) 24... Qb6+ (24... Ne7 $11) 25. Kh2 $16 Rxf1 (25... Qc7 $16 {was worth a try.}) 26. Rxf1 $18 Qd8 27. Qf5 {Black must now prevent Qf7+.} Qe7 28. h4 $2 (28. Qd7 $18 Na5 29. Qd5+ Kh8 30. a4 $1 {[%mdl 512]}) 28... Nd8 $11 29. Qg5 (29. Qd7 {with more complications.} Qxh4+ 30. Bh3 Qe7 31. Qd5+ Kh8 32. a4) 29... Qxg5 30. hxg5 {[%mdl 4096] Endgame KRB-KRN} Nf7 31. Rf2 (31. g6 $11 hxg6 32. Bd7) 31... Nxg5 $17 32. Re2 (32. Bd7 $17 Nxe4 33. Re2) 32... Ne6 (32... Rd8 $19 33. Kg3 g6) 33. Bf3 $2 {[#]} (33. Bxe6+ $1 $15 Rxe6 34. Rd2) 33... Nf4 (33... Rd8 $1 $19 34. Kg3 g6) 34. Kg3 $2 {[%mdl 8192]} (34. Rd2 $17) 34... Nxe2+ $19 35. Bxe2 {KR-KB} Rd8 36. Bg4 Rd2 37. Be6+ Kf8 38. Bd5 Rxb2 39. Kf3 Rb3 40. Kg4 Rxc3 41. Kf5 Rxa3 42. Kxe5 Re3 (42... Rd3 $142 43. Kf4 a5 44. g3 a4 45. Kf5 c3 46. Bc6 c2 47. Bxb5 c1=Q 48. Bxd3 g6+ 49. Ke6 Qc6+ 50. Ke5 Qc3+ 51. Kd5 Qxd3+ {[%mdl 64] Double Attack} 52. Kc6 a3 53. e5 a2 54. g4 Qc4+ 55. Kb6 a1=Q 56. Kb7 Qb2+ 57. Ka8 Qa6#) 43. Bxc4 {[%mdl 32768] Never resign too early! Accuracy: White = 25%, Black = 52%. . Loss on time!?} 1-0

[Event "Stay Safe Play From Home"]
[Site "T#646156Emanuel Laske"]
[Date "2020.05.18"]
[Round "5"]
[White "Haris kollari 13"]
[Black "Tobo Rubirosa"]
[Result "0-1"]
[WhiteElo "1683"]
[BlackElo "1553"]
[Annotator "NA RC"]
[PlyCount "72"]
[EventDate "2020.05.18"]
[EventType "swiss (blitz)"]

1. e4 {[%emt 0:00:01]} c5 {[%emt 0:00:01]} 2. f4 {[%emt 0:00:01]} d6 {[%emt 0:00:01]} 3. Nf3 {[%emt 0:00:01]} Nc6 {[%emt 0:00:00]} 4. d4 {[%emt 0:00:00]} cxd4 {[%emt 0:00:03]} 5. Nxd4 {[%emt 0:00:00]} Nf6 {[%emt 0:00:01]} 6. Nc3 {[%emt 0:00:01]} e6 {[%emt 0:00:01]} 7. Be3 {[%emt 0:00:01]} Be7 {[%emt 0:00:01]} 8. Qd2 {[%emt 0:00:01]} O-O {[%emt 0:00:01]} 9. Be2 {[%emt 0:00:01]} a6 {[%emt 0:00:01]} 10. O-O-O {[%emt 0:00:01]} Qc7 {[%emt 0:00:01]} 11. Bf3 {[%emt 0:00:01]} b5 {[%emt 0:00:01]} 12. g4 {[%emt 0:00:02]} Bb7 {[%emt 0:00:02]} 13. g5 {[%emt 0:00:04]} Nd7 {[%emt 0:00:01]} 14. Nce2 {[%emt 0:00:03]} Nxd4 {[%emt 0:00:01]} 15. Qxd4 {[%emt 0:00:02]} Rac8 {[%emt 0:00:01]} 16. Rd2 {[%emt 0:00:02]} Nc5 {[%emt 0:00:01]} 17. Ng3 {[%emt 0:00:02]} Na4 {[%emt 0:00:02]} 18. Kb1 {[%emt 0:00:04]} d5 {[%emt 0:00:01]} 19. e5 {[%emt 0:00:01]} Nb6 {[%emt 0:00:05]} 20. h4 {[%emt 0:00:03]} Nc4 {[%emt 0:00:01]} 21. Bf2 {[%emt 0:00:01]} Nxd2+ {[%emt 0:00:02]} 22. Qxd2 {[%emt 0:00:02]} Bb4 {[%emt 0:00:01]} 23. c3 {[%emt 0:00:01]} Bxc3 {[%emt 0:00:02]} 24. bxc3 {[%emt 0:00:02]} d4 {[%emt 0:00:01]} 25. Bxb7 {[%emt 0:00:04]} dxc3 {[%emt 0:00:02]} 26. Qc2 {[%emt 0:00:08]} Qxb7 {[%emt 0:00:02]} 27. Rd1 {[%emt 0:00:01]} Qf3 {[%emt 0:00:02]} 28. Nf1 {[%emt 0:00:02]} Qxf4 {[%emt 0:00:02]} 29. Be3 {[%emt 0:00:02]} Qf5 {[%emt 0:00:02]} 30. Qxf5 {[%emt 0:00:02]} exf5 {[%emt 0:00:01]} 31. Kc2 {[%emt 0:00:00]} Rfd8 {[%emt 0:00:01]} 32. Bd4 {[%emt 0:00:01]} Kf8 {[%emt 0:00:02]} 33. Ne3 {[%emt 0:00:01]} Ke8 {[%emt 0:00:01]} 34. Nxf5 {[%emt 0:00:01]} g6 {[%emt 0:00:01]} 35. Nd6+ {[%emt 0:00:01]} Kd7 {[%emt 0:00:01]} 36. Nxc8 {[%emt 0:00:01]} Kxc8 {[%emt 0:00:01] Time (Lag: Av=1.00s, max=1.6s)} 0-1

[Event "Stay Safe Play From Home"]
[Site "T#646156Emanuel Laske"]
[Date "2020.05.18"]
[Round "5"]
[White "Tavares"]
[Black "SoulofWolf"]
[Result "0-1"]
[WhiteElo "1676"]
[BlackElo "2153"]
[Annotator "TA"]
[PlyCount "66"]
[EventDate "2020.05.18"]
[EventType "swiss (blitz)"]

{[%evp 12,66,37,0,25,4,25,23,33,0,16,-8,-7,-204,35,42,79,-64,57,-17,43,29,30,-15,-15,-55,-19,-58,88,83,86,12,8,-126,0,-492,-490,-714,-690,-680,-669,-790,-583,-573,-575,-558,-561,-762,-541,-529,-504,-493,-379,-379,-297,-476,-230]} 1. d4 e6 2. c4 d5 3. Nc3 Be7 4. Nf3 c6 5. Bf4 Nd7 6. e3 Ngf6 7. c5 a5 {D37: Queen's Gambit Declined: 5 Bf4.} 8. a3 b6 9. b4 O-O {White has an edge.} 10. h4 {[#]} Bb7 $146 ({Predecessor:} 10... Ne4 11. Nxe4 dxe4 12. Ne5 Nxe5 13. Bxe5 Qd5 14. Be2 Ba6 15. O-O Bxe2 16. Qxe2 axb4 17. axb4 bxc5 18. bxc5 Bxc5 19. Bxg7 Kxg7 20. dxc5 {1-0 (47) Caruana,F (2835)-Nakamura,H (2736) chess24.com INT 2020}) 11. Be2 Ne4 12. Qc2 $2 {[#]} (12. Nxe4 $11 {and White has nothing to worry.} dxe4 13. Ne5) 12... f5 $2 (12... axb4 $19 13. Nxe4 dxe4 14. Qxe4 bxc5) 13. O-O $14 Ndf6 14. b5 (14. g3 $16) 14... Rc8 (14... bxc5 $15 15. dxc5 Rc8) 15. Ne5 (15. bxc6 $14 Bxc6 16. Ba6 bxc5 17. Bxc8 Qxc8 18. dxc5) 15... Nxc3 (15... bxc5 $11 16. Nxe4 fxe4) 16. Qxc3 Ne4 17. Qb2 bxc5 18. dxc5 Bxc5 19. Rfc1 Bd6 (19... Qxh4 $15 {stays ahead.} 20. Bf3 cxb5) 20. bxc6 $16 Ba8 21. Rab1 (21. g3 $16) 21... Qxh4 $11 22. g3 {[#]} (22. Bb5 $11) 22... Qf6 (22... Qe7 $1 $17 23. Ba6 g5 24. Bxc8 Rxc8) 23. Bf3 $2 {[%mdl 8192]} (23. Ba6 $11 {and White is okay.} Rc7 24. Nd7 {[%mdl 64] Double Attack} Qxb2 25. Rxb2) 23... g5 $19 24. Nd3 (24. Rc2 $142 gxf4 25. gxf4) 24... gxf4 25. Qxf6 Rxf6 26. exf4 Rxc6 27. Rxc6 Bxc6 28. Rb6 Be8 29. Ra6 Bxa3 30. Rxa5 Bf8 31. Ra8 Bf7 32. Ne5 {intending Bxe4.} Kg7 33. Ra7 $2 (33. Nd7 {only move.} Bd6 34. Nxf6 Kxf6 35. Kg2) 33... Nd6 {Accuracy: White = 17%, Black = 35%.} (33... Bc5 $142 34. Rd7 Nxg3) 0-1

[Event "Stay Safe Play From Home"]
[Site "T#646156Emanuel Laske"]
[Date "2020.05.18"]
[Round "5"]
[White "matanant"]
[Black "Toosieslide"]
[Result "1-0"]
[WhiteElo "1565"]
[BlackElo "2183"]
[Annotator "TA"]
[PlyCount "65"]
[EventDate "2020.05.18"]
[EventType "swiss (blitz)"]

{[%evp 9,64,3,8,0,0,0,2,-2,-16,-10,13,-17,-11,-40,-9,-18,0,-25,-23,-124,-47,-49,-19,-182,-22,-39,16,14,10,-6,-12,-10,-4,-7,-8,-18,-12,-9,0,0,13,0,19,8,34,0,56,22,37,36,81,50,29997,29986,29998,29999,29999]} 1. b3 d5 2. Bb2 c6 3. e3 Nf6 4. f4 Bg4 5. Nf3 e6 6. Be2 {A03: Bird's Opening with 1...d5.} Bd6 7. O-O O-O 8. Ne5 {The position is equal.} Bxe2 9. Qxe2 Nfd7 10. Nxd7 (10. d4 {is more complex.} c5 11. Nd2 Nc6 12. Rad1 cxd4 13. exd4 Be7 14. c3) 10... Nxd7 11. d3 f6 12. Nd2 {[#]} Qe7 $146 ({Predecessor:} 12... e5 13. f5 Qe7 14. a4 a5 15. Rf3 b5 16. Rh3 Rfb8 17. Qh5 Nf8 18. Nf1 e4 19. dxe4 Qxe4 {½-½ (51) Bukal,V-Zarkovic,J Zagreb 1977}) 13. Nf3 e5 14. g3 {[#]} (14. Nh4 $11 {remains equal.} g6 15. f5) 14... Rae8 (14... exf4 $1 $17 15. Nh4 Qxe3+ 16. Qxe3 fxe3) 15. Qf2 Nc5 16. b4 $2 (16. Nh4 $11 {and White has nothing to worry.}) 16... Ne6 $2 (16... Na4 $19 17. Bc1 Bxb4) 17. a3 $11 e4 (17... a5 $15) 18. dxe4 dxe4 19. Nd4 Nxd4 20. Bxd4 c5 21. bxc5 Bxc5 22. Rfd1 Rd8 23. c3 Bxd4 24. cxd4 Rc8 25. Qa2+ Kh8 26. Rac1 Qd7 27. Rc4 Qe6 ({Better is} 27... Rxc4 $11 28. Qxc4 Rc8) 28. Rdc1 {aiming for Rxc8.} Rxc4 29. Qxc4 Qb6 30. Qb4 {[%cal Rb4f8]} Qe6 $2 {[%mdl 8192] [#]} (30... Qxb4 $14 31. axb4 Kg8) 31. Qxf8+ {White mates.} Qg8 32. Rc8 {[%csl Gc8][%cal Rf8g8]} Qxf8 33. Rxf8# {Accuracy: White = 57%, Black = 46%.} 1-0